| 000 | 00622nam a2200241 a 4500 | ||
|---|---|---|---|
| 001 | nice12345678 | ||
| 003 | IN_TiNIC | ||
| 005 | 20260116012410.0 | ||
| 008 | 050524s1978 dela grp 000 0 eng | ||
| 020 |
_a _c12 |
||
| 082 | 0 | 0 |
_a297.24 _bALAM |
| 100 | _aAlam Badre, Syed Muhammad | ||
| 245 | _aDescension of Jesus Christ | ||
| 260 |
_aDelhi _bDini Book Depot _c1978 |
||
| 300 | _a48p | ||
| 500 | _aincludes index and biblioraphy | ||
| 505 | 2 | _aBibliography, Index | |
| 650 | _aJesus Christ-Islamic Interpretation | ||
| 700 | 1 | _aAlam Badre, Syed Muhammad | |
| 902 | _bSRS | ||
| 942 | _cBK | ||
| 999 |
_c6866 _d6866 |
||